Регионална библиотека "Любен Каравелов" - Русе

Система на педагогията (Запис номер 404739)

MARC детайли
000 -Лидер
Контролно поле с фиксирана дължина nam a22 a 4500
003 - Код на организацията, давaща контролен номер
Контролно поле BLK
005 - Дата и час на последна редакция
Контролно поле 20210405103201.0
008 - Елементи от данни с фиксирана дължина
fixed length control field 210325b bu |||||r|||| 00| | bu d
040 ## - Източник на каталожния запис
Идентификатор на билиотеката - собственик на записа BLK
041 ## - Код за език
Код за езика на текст/звукозапис или на отделно заглавие Български
Код за езика КДБФ Български
080 ## - УДК
Текстов определител УДК Основи на възпитанието (материални, теоретични, философски и др.). Педагогика
УДК код - определител по УДК 37.01
УДК - код + определител 37.01
100 ## - Редна дума - Автор
R(LIN) 443572
Автор Райн, Вилхелм
Авторска отговорност първи автор
139 ## - Редно поле
Редна дума Райн, Вилхелм
245 ## - Сведения за заглавието
Заглавие Система на педагогията
Редно поле (дума) Вилхелм Райн ; Прев. от нем. В. Георгиев
260 ## - Област на издателските данни
Място на издаване, разпространение и проч. Пловдив
Година на издаване 1898
9 (RLIN) 209596
Име на издателя, разпространителя и проч. Христо Г. Данов
Издателство - префикс ISBN 954-442-
300 ## - Физическа характеристика
Страници 4, 108 с.
Размери/Мащаб 22,5 см
380 ## - Жанр
Жанр Обществени науки
490 ## - СЕРИИ (Колекции)
9 (RLIN) 435080
Име на серия Колекция Редки и ценни издания
650 #7 - Допълнително описание по предмет – тема
9 (RLIN) 165929
Основно описание – тема или топоним Педагогика
700 ## - Други автори (авторска отговорност)
9 (RLIN) 1091
Лично име Георгиев, Васил
Автороска отговорност (Описва отношението между автора и произведението) прев. от нем.
852 ## - Местоположение
Форматна сигнатура Рб 898
Фондова буква Редки и ценни
999 ## - СИСТЕМНИ КОНТРОЛНИ НОМЕРА
Koha biblionumber 404739
Koha biblioitemnumber 404739
942 ## - АРТИКУЛИ
Вид на библиотечния материал Книги
Скрит в OPAC Не
Периодичен библиозапис Да
944 ## - СЪЗДАВАНЕ И РЕДАКЦИЯ на ЗАПИСА
Създаване/Редакция Създаване
Дата на регистрацията/редакция 2021-04-01
Служител, извършил регистрацията/редакцията Ренета Константинова
999 ## - СИСТЕМНИ КОНТРОЛНИ НОМЕРА
Koha biblioitemnumber 404739
Наличности
Код за отписване Код за изгубен артикул Източник на класификационната схема Код за повреда Коз за рестрикции Код за отдаване Артикулен № Име на библиотеката - собственик Име на библиотеката, в която се намира в момента Статус (Текущо местоположение) Дата на вписване в системата Местоположение - отдел Цена в лева Инвентарен номер Систематично азбучна сигнатура Баркод Цена в евро Служебен тип на артикула
  Не е изгубен Universal Decimal Classification Не е повреден само за читалня Специални фондове ( старопечатни, редки и ценни, фонд М. Арнаудов) 853141 Регионална библиотека "Любен Каравелов" Русе Регионална библиотека "Любен Каравелов" Русе Редки и ценни 2021-09-20 Редки и ценни 0.21 10988/58 Рб 898 900000044599 0.11 Книги
Vip Innovations Ltd, Rousse, Bulgaria 2025